00405cam a2200169ua 4500020000900000041001000009082001900019100002500038245007200063250001200135260003600147300001200183365000900195504000500204942000700209999001900216 c4.50 ahinh a891.54bBAC/BH aBachan, Srivastav . aBharatiya filmom ki kahani / cBachan srivastav.hTextual Documents a1 / b. a : bRajpal and Sanch , c1962. a214 ; . a4.50 a cBK c335997d335997